Their Name Starts With E - Statistics

General Stats
  • This quiz has been taken 24 times
  • The average score is 17 of 24
Answer Stats
Picture Hint Answer % Correct
Coming to America - Beverly Hills Cop Eddie Murphy
100%
Tesla - X (fka Twitter) Elon Musk
100%
Tiny Dancer - Rocket Man Elton John
100%
Burning Love - Don't Be Cruel Elvis Presley
100%
Wonderful Tonight - Cocaine Eric Clapton
100%
Shape of You - Shivers Ed Sheeran
95%
The _____ _________ Show - Finding Dory Ellen DeGeneres
95%
Lose Yourself - Without me Eminem
91%
Easy A - La La Land Emma Stone
91%
Harry Potter Movies - Beauty and the Beast Emma Watson
91%
Austin Powers - Bedazzled Elizabeth Hurley
73%
Hero - Bailamos Enrique Iglesias
68%
Training Day - Black Phone Ethan Hawke
64%
American Pie Movies - Schitt's Creek Eugene Levy
59%
Star Wars - Fargo Ewan McGregor
59%
Desperate Housewives - The Young and The Restless Eva Longoria
55%
Lord of the Rings - The Faculty Elijah Wood
50%
Hitch - 2 Fast 2 Furious Eva Mendes
50%
Avengers Movies - Love & Death Elizabeth Olsen
45%
The Devil Wears Prada - Edge of Tomorrow Emily Blunt
45%
True Blood - Thirteen Evan Rachel Wood
45%
Juno - Inception Elliot Page
41%
Game of Thrones - Terminator: Genisys Emilia Clarke
41%
American Horror Story - X-Men Movies Evan Peters
18%
No matching quizzes found
Score Distribution
Percent of People with Each Score
Percentile by Number Answered
Your Score History
You have not taken this quiz